1865 1521 1126 1652 1843 1513 1512 1084 1308 1157 1528 1987 1493 1994 1982 1746 1238 1688 1245 1805 1245 1779 1266 1912 1558 1659 1318 1043 1628 1237 1591 1455 1250 1195 1483 1584 1318 1484 1225 1158 1465 1869 1463 1595 1951 1700 1816 1371 1298 1562 1567 1509 1508 1470 1389 1516 1446 1639 1297 1000 1066 1789 1856 1949 1728 1935 1656 1180 1436 1896 1278 1680 1796 1634 1552 1341 1335 1501 1290 1344 1960 1312 1722 1779 1142 1984 1085 1145 1982 1976 1413 1152 1446 1939 1102 1754 1561 1677 1559 BCNSPRNW ULIB Ver.6.0+V

เปลี่ยนเป็นภาษาไทย

Change to English
 แสดงรายละเอียดบรรณานุกรม
  กลับหน้าหลัก

Brief Record : Get Marc (ISO 2709) : E-mail record : QR code < ปิดหน้าต่าง
LEADER : 00000nam 2200000uu 4500
001    13399128950
003     ULIB
008    241101s2546||||th 000 0 tha d
020    ^a9786160845743
050  0 ^aBF128^bต777จ
100 N  ^aเติมศักดิ์ คทวณิช
245 N  ^aจิตวิทยาทั่วไป
245 N  ^aบรรณาธิการเติมศักดิ์ คทวณิช
246 N  ^aGeneral psychology
260 N  ^aกรุงเทพฯ:^bซีเอ็ดยูเคชั่น,^c2546
300 N  ^a331 หน้า : ^bภาพประกอบ;^c26ซม.
520 N  ^aสาระสังเขป หนังสือเล่มนี้ ผู้เขียนมีความตั้งใจที่จะเรียบเรียงให้มีเนื้อหาทางจิตวิทยาที่ละเอียดครบถ้วน และสามารถอ่านเข้าใจได้ง่าย มีตัวอย่างและภาพประกอบที่ชัดเจนสวยงาม เพื่อให้ผู้ศึกษาได้เกิดความรู้และความเข้าใจอย่างแท้จริง โดยรวบรวมข้อมูลจากเอกสารและตำราทางจิตวิทยาทั้งของไทยและของต่างประเทศ รวมทั้งประสบการณ์ในการสอนของผู้เขียนเองด้วย เนื้อหาภายในเล่มประกอบด้วยสาระสำคัญ ได้แก่ ความรู้เบื้องต้นเกี่ยวกับจิตวิทยา อิทธิพลของพันธุกรรมและสิ่งแวดล้อม พัฒนาการของมนุษย์ พื้นฐานทางสรีรวิทยาที่เกี่ยวข้องกับพฤติกรรม การรับสัมผัสและการรับรู้ การจูงใจ การเรียนรู้ เชาวน์ปัญญา บุคลิกภาพ สุขภาพจิตและการปรับตัว และพฤติกรรมทางสังคม
650 N  ^aจิตวิทยา
945    ^p250^l0^i30346
945    ^p250^l0^i30347
945    ^p250^l0^i30348
999    ^aกัณชพร จุลอักษร
รายการนี้ยังไม่มีแท็ก
คุณยังไม่ได้ล็อกอิน คุณสามารถมีกิจกรรมร่วมกับเว็บไซต์ได้ แต่ต้องล็อกอินก่อน ::
  ล็อกอิน

รายการสื่อสารสนเทศ

ลำดับที่ ประเภท เลขเรียก/บาร์โค้ด สถานที่ สถานะ
1. หนังสือสำรอง
หนังสือสำรอง
BF128 ต777จ ฉ.1 
  Barcode: 30346
ห้องสมุดวิทยาเขตนครสวรรค์
►หนังสือทั่วไป:l:General Books
บนชั้น
2. วิทยาศาสตร์การแพทย์ และสุขภาพ
วิทยาศาสตร์การแพทย์ และสุขภาพ
BF128 ต777จ ฉ.2 
  Barcode: 30347
ห้องสมุดวิทยาเขตนครสวรรค์
►หนังสือทั่วไป:l:General Books
บนชั้น
3. วิทยาศาสตร์การแพทย์ และสุขภาพ
วิทยาศาสตร์การแพทย์ และสุขภาพ
BF128 ต777จ ฉ.3 
  Barcode: 30348
ห้องสมุดวิทยาเขตนครสวรรค์
►หนังสือทั่วไป:l:General Books
บนชั้น

รายการใกล้เคียง
    ชื่อเรื่อง [จิตวิทยาทั่วไป]

    ผู้แต่ง [เติมศักดิ์ คทวณิช]

    หัวเรื่อง [จิตวิทยา]

BibComment


ยังไม่เคยถูกคอมเมนท์

คอมเมนท์ทรัพยากรรายการนี้
  คอมเมนท์: จิตวิทยาทั่วไปN ..


 Copyright 2026. Bcnsprnw @Library